000 00675nam a2200241Ia 4500
003 OSt
005 20220925172720.0
006 a|||||r|||| 00| 0
007 ta
008 220923b |||||||| |||| 00| 0 eng d
037 _cGeneral Book
040 _aRTL
_cRTL
_beng
041 _2eng
_aeng
082 _aX:8N91, M0
100 _aMutalik Keshav
_9242259
245 0 _aBook of business communication
260 _aBombay
_bNoble Publishing India
_c1980
300 _a214p.
_ccm.
650 _aPublic Relation Management
700 _a Warty M S
_9242260
942 _hX:8N91, M0
_cGB
_2CC
999 _c485755
_d485755